000 00317nam a2200133Ia 4500
008 230312s9999||||xx |||||||||||||| ||und||
082 _a891.4
_bWAS-K
100 _aواصف علی واصف
245 0 _aکرن کرن سورج
260 _bKashif
_apak
_c1999
300 _a144
650 _aLiterature
942 _cBK
999 _c15051
_d15051